000 00392nam a22001697a 4500
003 MPLRDC
005 20220104151029.0
008 210129b ||||| |||| 00| 0 eng d
082 _a414.8 ZY v.1
100 _a钟庸
245 _a中医中药. 第一集
_c
250 _a初版
260 _a
_b香港得利书局
_c1976
300 _b
650 _a医话
942 _cBK
_o414.8 ZY v.1
999 _c52161
_d52151